[Event "NOR-ch Class4"]
[Site "Lillehammer"]
[Date "2013.06.29"]
[Round "2"]
[White "Nytro, Bjorn"]
[Black "Johnsen, Knut Atle"]
[Result "0-1"]
[WhiteElo "1175"]
[BlackElo "1236"]
[PlyCount "47"]
[EventDate "2013.06.29"]
[EventType "swiss"]
[EventRounds "9"]
[EventCountry "NOR"]
[SourceTitle "EXT 2017"]
[Source "ChessBase"]
[SourceDate "2016.10.25"]
[SourceVersion "1"]
[SourceVersionDate "2016.10.25"]
[SourceQuality "1"]

1. d4 Nf6 2. e3 g6 3. c4 Bg7 4. Bd3 0-0 5. Nc3 d6 6. f4 Nbd7 7. Nf3 Re8 8. 0-0 e5 9. fxe5 dxe5 10. e4 exd4 11. Nxd4 Nc5 12. Bg5 Qxd4+ 13. Kh1 Nxd3 14. Qf3 Bg4 15. Bxf6 Bxf3 16. Bxd4 Bxd4 17. gxf3 Ne5 18. Nd5 Red8 19. Rab1 c6 20. Nb4 Nxc4 21. b3 Nd2 22. Kg2 Nxb1 23. Rxb1 Bc3 24. Nc2 0-1

[Event "Kongsberg-ch"]
[Site "Kongsberg"]
[Date "2013.04.16"]
[Round "5"]
[White "Johnsen, Knut Atle"]
[Black "Bjeglerud, Jarle"]
[Result "0-1"]
[WhiteElo "1459"]
[BlackElo "1774"]
[PlyCount "86"]
[EventDate "2012.09.11"]
[EventType "tourn"]
[EventRounds "7"]
[EventCountry "NOR"]
[SourceTitle "EXT 2024"]
[Source "ChessBase"]
[SourceDate "2023.10.10"]
[SourceVersion "1"]
[SourceVersionDate "2023.10.10"]
[SourceQuality "1"]

1. d4 e6 2. e4 d5 3. Bd3 c5 4. exd5 Qxd5 5. Nf3 cxd4 6. 0-0 Nc6 7. c4 Qd6 8. b3 Be7 9. Be4 e5 10. Re1 Bg4 11. Qd3 Bxf3 12. Qxf3 Bf6 13. Ba3 Qc7 14. Qh3 Nge7 15. Nd2 Qd7 16. Qh5 g6 17. Qf3 Bg7 18. b4 f5 19. Bxc6 Qxc6 20. Qg3 Qf6 21. Qf3 0-0-0 22. c5 Nd5 23. Nc4 e4 24. Qb3 Kb8 25. b5 Qe6 26. Bb2 Be5 27. Nxe5 Qxe5 28. Rad1 Nc3 29. Bxc3 dxc3 30. c6 Rd2 31. Qf7 Qc7 32. Qf6 Rhd8 33. Rxd2 cxd2 34. Rd1 bxc6 35. bxc6 Rc8 36. Qb2+ Ka8 37. Qxd2 Qxc6 38. h3 a6 39. Qd4 Qc5 40. Qg7 Rc7 41. Rd8+ Ka7 42. Qg8 Qc1+ 43. Kh2 Qf4+ 0-1